[Event "Titled Tuesday intern op 17th Nov"]
[White "Bachmann,Axel"]
[Black "Pham,Le Thao Nguyen"]
[Site "Chess.com INT"]
[Round "6"]
[Annotator ""]
[Result "0-1"]
[Date "2020.11.17"]
[WhiteElo "2599"]
[BlackElo "2366"]
[PlyCount "80"]

1. e4 c5 2. Nf3 e6 3. d4 cxd4 4. Nxd4 a6 5. c4 Nf6 6. Nc3 Bb4 7. Bd3 Qc7 8. O-O O-O 9. Qe2 Bxc3 10. bxc3 d6 11. Ba3 e5 12. Nc2 Be6 13. Ne3 Nbd7 14. Nd5 Bxd5 15. exd5 Nc5 16. Bc2 Rac8 17. f4 e4 18. g4 Rfe8 19. g5 Nfd7 20. Rae1 f5 21. gxf6 Nxf6 22. Kh1 Kh8 23. Rg1 Qf7 24. Rg5 Re7 25. Reg1 Qf8 26. Bc1 Rcc7 27. Be3 Qc8 28. Bd4 Qf8 29. h4 Rf7 30. h5 h6 31. Rg6 Kh7 32. Qg2 Rce7 33. Bd1 Nd3 34. Qg3 Ne8 35. Rxh6+ Kg8 36. Rg6 Nxf4 37. h6 Nxg6 38. Qxg6 Rf6 39. Bxf6 Qxf6 40. Bg4 Qxg6 0-1

[Event "Titled Tuesday intern op 17th Nov"]
[White "Droin,Augustin"]
[Black "Bachmann,Axel"]
[Site "Chess.com INT"]
[Round "10"]
[Annotator ""]
[Result "1-0"]
[Date "2020.11.17"]
[WhiteElo "2289"]
[BlackElo "2599"]
[PlyCount "55"]

1. e4 c6 2. d4 d5 3. e5 Bf5 4. Nf3 e6 5. Be2 c5 6. Be3 cxd4 7. Nxd4 Ne7 8. Nd2 Nbc6 9. N2f3 a6 10. O-O Bg6 11. c4 dxc4 12. Bxc4 Nf5 13. Nxc6 Qxd1 14. Rfxd1 Nxe3 15. fxe3 bxc6 16. Rac1 Be7 17. Bb3 c5 18. Ba4+ Kf8 19. Rd7 h5 20. Bc2 Bxc2 21. Rxc2 h4 22. b4 cxb4 23. Rcc7 Re8 24. Nd4 Kg8 25. Rxe7 Rxe7 26. Rxe7 Rh5 27. Nf3 g5 28. h3 1-0

[Event "Titled Tuesday intern op 17th Nov"]
[White "Lauridsen,Jesper Morck"]
[Black "Bachmann,Axel"]
[Site "Chess.com INT"]
[Round "7"]
[Annotator ""]
[Result "0-1"]
[Date "2020.11.17"]
[WhiteElo "2215"]
[BlackElo "2599"]
[PlyCount "60"]

1. e4 c6 2. d4 d5 3. exd5 cxd5 4. c4 Nf6 5. Nc3 Be6 6. Bg5 dxc4 7. Bxf6 exf6 8. d5 Bf5 9. Bxc4 Bd6 10. Qf3 Bg6 11. h4 Nd7 12. h5 Ne5 13. Bb5+ Kf8 14. Qe2 Bf5 15. h6 a6 16. hxg7+ Kxg7 17. Qh5 Bg6 18. Qh6+ Kg8 19. Be2 Qb6 20. Nf3 Qxb2 21. Rc1 Nxf3+ 22. gxf3 Bb4 23. Qd2 Ba3 24. Rd1 Qxd2+ 25. Kxd2 Rc8 26. Ne4 Bb4+ 27. Ke3 Kg7 28. Rc1 f5 29. Nd2 Rxc1 30. Rxc1 f4+ 0-1

[Event "Titled Tuesday intern op 17th Nov"]
[White "Tologontegin,Semetey"]
[Black "Bachmann,Axel"]
[Site "Chess.com INT"]
[Round "5"]
[Annotator ""]
[Result "1-0"]
[Date "2020.11.17"]
[WhiteElo "2358"]
[BlackElo "2599"]
[PlyCount "71"]

1. Nf3 Nf6 2. e3 g6 3. d4 Bg7 4. c4 O-O 5. Nc3 d5 6. h3 c5 7. dxc5 Qa5 8. Bd2 Qxc5 9. cxd5 Nxd5 10. Rc1 Nxc3 11. Bxc3 Bxc3+ 12. Rxc3 Qa5 13. Qb3 Be6 14. Bc4 Bxc4 15. Qxc4 Nc6 16. O-O Rac8 17. a3 Rfd8 18. Qh4 Kg7 19. Rfc1 e6 20. b4 Qd5 21. Rc5 Qd7 22. Ng5 h6 23. Ne4 Qe7 24. Qxe7 Nxe7 25. Rc7 Rxc7 26. Rxc7 Rd1+ 27. Kh2 Nd5 28. Rxb7 a5 29. bxa5 Ra1 30. a6 Rxa3 31. a7 Ra6 32. Nd6 Nb6 33. Rxb6 Rxa7 34. Rb7 Rxb7 35. Nxb7 h5 36. f4 1-0

[Event "Titled Tuesday intern op 17th Nov"]
[White "Yao,Houji"]
[Black "Bachmann,Axel"]
[Site "Chess.com INT"]
[Round "11"]
[Annotator ""]
[Result "0-1"]
[Date "2020.11.17"]
[WhiteElo "2035"]
[BlackElo "2599"]
[PlyCount "92"]

1. e4 c5 2. Nf3 e6 3. d4 cxd4 4. Nxd4 Nc6 5. Nc3 Nf6 6. Ndb5 Bc5 7. Nd6+ Ke7 8. Nxc8+ Rxc8 9. Be2 Qc7 10. O-O a6 11. Bg5 h6 12. Bh4 g5 13. Bg3 Bd6 14. Bxd6+ Qxd6 15. Qxd6+ Kxd6 16. Rad1+ Ke7 17. a3 Ne5 18. Rd4 Rc5 19. Rfd1 Rhc8 20. g3 g4 21. Kg2 h5 22. h3 b5 23. hxg4 hxg4 24. Rd6 R8c6 25. Rxc6 Rxc6 26. Rd4 d6 27. Kf1 Ned7 28. f3 gxf3 29. Bxf3 Ne5 30. Be2 Nfd7 31. Kf2 Nb6 32. Ke1 Nbc4 33. Nd1 Rc8 34. Kf2 Rh8 35. Kg2 Rc8 36. Kf2 Nb6 37. c3 Na4 38. Rd2 Nc5 39. Ke3 Nb3 40. Rc2 Rh8 41. Bf3 Rh3 42. Kf2 Rh2+ 43. Bg2 Nc5 44. Ke3 Rh6 45. Nf2 Nc4+ 46. Kf3 Rf6+ 0-1

[Event "Titled Tuesday intern op 03rd Nov"]
[White "Novik,Maxim"]
[Black "Bachmann,Axel"]
[Site "Chess.com INT"]
[Round "4"]
[Annotator ""]
[Result "0-1"]
[Date "2020.11.03"]
[WhiteElo "2434"]
[BlackElo "2599"]
[PlyCount "76"]

1. d4 Nf6 2. c4 e6 3. Nc3 Bb4 4. e3 O-O 5. Bd3 b6 6. Nge2 d5 7. cxd5 exd5 8. O-O Ba6 9. Bxa6 Nxa6 10. Qd3 Qc8 11. f3 c5 12. Ng3 Re8 13. Bd2 cxd4 14. exd4 Qc4 15. Qxc4 dxc4 16. Nge4 Nxe4 17. fxe4 Bxc3 18. bxc3 Rxe4 19. Rfe1 Rae8 20. Rxe4 Rxe4 21. Kf2 Nc7 22. a4 f6 23. Rb1 Kf7 24. a5 b5 25. Kf3 f5 26. Bf4 Nd5 27. Bd2 a6 28. h3 h5 29. Rg1 Ke6 30. g4 hxg4+ 31. hxg4 Rxg4 32. Rxg4 fxg4+ 33. Kxg4 Nf6+ 34. Kf4 Kd5 35. Kf5 Ne4 36. Be1 b4 37. cxb4 c3 38. b5 c2 0-1